000
00342nam a2200145Ia 4500
008
150201s2002 xx 000 0 und d
082
_a
610.734
_b
F02T
100
_a
THOMOSON, HILORY
245
_a
FURTHER STUDIES FOR HEALTH
250
_a
2ND
260
_b
HODDER
_c
2002
300
_a
380
650
_a
COMMUNITy NURSING
942
_2
ddc
_c
BK
_0
1
999
_c
2286
_d
2286